[Event "CZE-chT2A 2223"]
[Site "Czech Republic"]
[Date "2023.01.22"]
[Round "7.6"]
[White "Svejda, Karel"]
[Black "Turner, Radek"]
[Result "1-0"]
[WhiteElo "1754"]
[BlackElo "1988"]
[PlyCount "73"]
[EventDate "2022.10.16"]
[EventType "team-tourn"]
[EventRounds "11"]
[EventCountry "CZE"]
[SourceTitle "EXT 2024"]
[Source "ChessBase"]
[SourceDate "2023.10.10"]
[SourceVersion "1"]
[SourceVersionDate "2023.10.10"]
[SourceQuality "1"]
[WhiteTeam "Budejovice II"]
[BlackTeam "Line II"]
[WhiteTeamCountry "CZE"]
[BlackTeamCountry "CZE"]

1. d4 Nf6 2. Nf3 c5 3. d5 Qb6 4. Nc3 d6 5. e4 Nbd7 6. Be2 g6 7. 0-0 Bg7 8. Nd2 a6 9. Nc4 Qc7 10. a4 Rb8 11. Be3 0-0 12. f4 Ne8 13. Qe1 b5 14. axb5 axb5 15. Na5 Bxc3 16. Qxc3 Ndf6 17. Bf3 b4 18. Qd2 Ba6 19. Rfe1 Bb5 20. c4 bxc3 21. bxc3 Bd7 22. e5 dxe5 23. fxe5 Ng4 24. Bxg4 Bxg4 25. Nc6 Ng7 26. Nxb8 Rxb8 27. Qf2 Rc8 28. h3 Bf5 29. g4 Bd3 30. Bg5 f6 31. exf6 exf6 32. Bxf6 Rf8 33. Re7 Qxe7 34. Bxe7 Rxf2 35. Kxf2 c4 36. Ra7 Ne8 37. Bb4 1-0

[Event "Ceske Budejovice op-A"]
[Site "Ceske Budejovice"]
[Date "2022.07.09"]
[Round "9"]
[White "Svoboda, Petr1111"]
[Black "Svejda, Karel"]
[Result "1-0"]
[WhiteElo "1693"]
[BlackElo "1619"]
[PlyCount "71"]
[EventDate "2022.07.01"]
[EventType "swiss"]
[EventRounds "9"]
[EventCountry "CZE"]
[SourceTitle "CBM 209 Extra"]
[Source "ChessBase"]
[SourceDate "2022.09.30"]
[SourceVersion "1"]
[SourceVersionDate "2022.09.30"]
[SourceQuality "1"]

1. e4 c5 2. Nf3 Nc6 3. d4 cxd4 4. Nxd4 Nf6 5. Nc3 e5 6. Ndb5 d6 7. Bg5 a6 8. Na3 b5 9. Bxf6 gxf6 10. Nd5 f5 11. exf5 Bxf5 12. Bd3 Be6 13. Qf3 Bxd5 14. Qxd5 Ne7 15. Qb7 Bh6 16. Be4 d5 17. Rd1 0-0 18. Bxd5 Nxd5 19. Rxd5 Qa5+ 20. c3 Rad8 21. 0-0 Rxd5 22. Qxd5 Rd8 23. Qxe5 Rd2 24. Nc4 Qxa2 25. Nxd2 Bxd2 26. Qd4 Qxb2 27. Rd1 Bh6 28. Qf6 Bf8 29. h3 Qa3 30. Rd3 Bg7 31. Rg3 Qf8 32. Qxa6 Qc5 33. Qa8+ Qf8 34. Qc6 Qb8 35. Qc5 Qe8 36. Qg5 1-0

[Event "Ceske Budejovice op-A"]
[Site "Ceske Budejovice"]
[Date "2022.07.08"]
[Round "8"]
[White "Hladky, Mikulas"]
[Black "Svejda, Karel"]
[Result "1/2-1/2"]
[WhiteElo "1549"]
[BlackElo "1619"]
[PlyCount "77"]
[EventDate "2022.07.01"]
[EventType "swiss"]
[EventRounds "9"]
[EventCountry "CZE"]
[SourceTitle "CBM 209 Extra"]
[Source "ChessBase"]
[SourceDate "2022.09.30"]
[SourceVersion "1"]
[SourceVersionDate "2022.09.30"]
[SourceQuality "1"]

1. e4 c5 2. Nf3 Nc6 3. Bb5 g6 4. c3 Bg7 5. d4 cxd4 6. cxd4 e6 7. Nc3 Nge7 8. 0-0 0-0 9. Bf4 d5 10. Bxc6 bxc6 11. exd5 Nxd5 12. Be3 Ba6 13. Re1 Nxc3 14. bxc3 Qa5 15. Qd2 Rfd8 16. Bh6 c5 17. Bxg7 Kxg7 18. Re5 Rd5 19. Rxd5 exd5 20. Qe3 cxd4 21. Qe5+ Kg8 22. cxd4 Rc8 23. h3 Bc4 24. Qe3 Qa4 25. Qh6 f6 26. Qe3 Re8 27. Qf4 Kg7 28. Qc7+ Kg8 29. Qd6 Qa6 30. Qxa6 Bxa6 31. Re1 Rxe1+ 32. Nxe1 Kf7 33. g4 Ke6 34. f4 g5 35. fxg5 fxg5 36. Nf3 h6 37. Ne5 Bc4 38. a3 Bb5 39. Kf2 1/2-1/2

[Event "CZE-ch U16"]
[Site "Herlikovice"]
[Date "2021.10.28"]
[Round "7"]
[White "Svejda, Karel"]
[Black "Seidl, Jan2222"]
[Result "0-1"]
[WhiteElo "1454"]
[BlackElo "1764"]
[PlyCount "110"]
[EventDate "2021.10.23"]
[EventType "swiss"]
[EventRounds "9"]
[EventCountry "CZE"]
[SourceTitle "EXT 2023"]
[Source "ChessBase"]
[SourceDate "2022.10.05"]
[SourceVersion "1"]
[SourceVersionDate "2022.10.05"]
[SourceQuality "1"]

1. e4 c6 2. d4 d5 3. f3 e6 4. Nc3 Nf6 5. Nge2 Be7 6. Be3 Qb6 7. Rb1 Nbd7 8. e5 Ng8 9. f4 Nh6 10. Ng3 c5 11. Nce2 Qa5+ 12. Nc3 c4 13. a3 b5 14. Bd2 Qb6 15. Nce2 Bh4 16. Be3 a5 17. c3 Bb7 18. Bf2 Be7 19. Qc2 g6 20. Ng1 Qc7 21. Nf3 b4 22. axb4 axb4 23. Be2 Ra2 24. 0-0 b3 25. Qc1 Nb6 26. Rd1 0-0 27. f5 Nxf5 28. Nxf5 exf5 29. Qh6 Na4 30. Be3 Nxc3 31. bxc3 Rxe2 32. Ng5 Bxg5 33. Bxg5 f6 34. Bxf6 Ra8 35. Ra1 Rea2 36. Rxa2 bxa2 37. Ra1 Bc8 38. h4 Be6 39. Kf2 Qf7 40. Ke2 Qf8 41. Qxf8+ Kxf8 42. Kd2 f4 43. Bg5 Bf5 44. Bxf4 Kf7 45. g3 Ke6 46. Ke3 Ra3 47. Kd2 Bb1 48. Bh6 Rb3 49. Bf8 Rb2+ 50. Ke3 Kf5 51. Bb4 Rg2 52. Kf3 Be4+ 53. Ke3 Rxg3+ 54. Kf2 Rg2+ 55. Kf1 Rh2 0-1